Регионална библиотека "Любен Каравелов" - Русе

История (Запис номер 444852)

MARC детайли
000 -Лидер
Контролно поле с фиксирана дължина nam a22 a 4500
003 - Код на организацията, давaща контролен номер
Контролно поле BLK
005 - Дата и час на последна редакция
Контролно поле 20221208031158.0
008 - Елементи от данни с фиксирана дължина
fixed length control field 220214b bu |||||||||| 00| | bu d
040 ## - Източник на каталожния запис
Идентификатор на билиотеката - собственик на записа BLK
041 ## - Код за език
Код за езика на текст/звукозапис или на отделно заглавие Руски
Код за езика КДБФ Руски
080 ## - УДК
Текстов определител УДК Средновековна и нова обща история
УДК код - определител по УДК 94
УДК определител (075.3)
УДК - код + определител 94(075.3)
139 ## - Редно поле
Редна дума История
245 ## - Сведения за заглавието
Заглавие История
Подзаглавни данни 1642-1870 : Учебник для IX кл. общеобраз. трудовой политехн. школы
Редно поле (дума) Бойко Браничев и др. ; пер. с болг. К. Козовской
260 ## - Област на издателските данни
9 (RLIN) 216179
Място на издаване, разпространение и проч. София
Име на издателя, разпространителя и проч. Нар. просв.
Година на издаване 1962
300 ## - Физическа характеристика
Страници 168 с.
Илюстрации и др. с ил.
Размери/Мащаб 22 см
380 ## - Жанр
Жанр История
500 ## - Общи забележки
Забележка Други авт. : Снежина Ганчева, Любен Толев, Новак Петров
650 #7 - Допълнително описание по предмет – тема
9 (RLIN) 157877
Основно описание – тема или топоним История - учебници за средни училища
653 #7 - Ключова дума – ненормативна
9 (RLIN) 192373
Ключова дума нова история
653 #7 - Ключова дума – ненормативна
9 (RLIN) 199112
Ключова дума учебници за средни училища
700 ## - Други автори (авторска отговорност)
Лично име Браничев, Бойко Александров
Автороска отговорност (Описва отношението между автора и произведението) съавт.
9 (RLIN) 1445
700 ## - Други автори (авторска отговорност)
9 (RLIN) 771
Лично име Козовска, Кира
Автороска отговорност (Описва отношението между автора и произведението) пер. с болг.
852 ## - Местоположение
Форматна сигнатура Цб 23461
Фондова буква Хранилище
999 ## - СИСТЕМНИ КОНТРОЛНИ НОМЕРА
Koha biblionumber 444852
Koha biblioitemnumber 444852
942 ## - АРТИКУЛИ
Вид на библиотечния материал Книги
Скрит в OPAC Не
Периодичен библиозапис Да
944 ## - СЪЗДАВАНЕ И РЕДАКЦИЯ на ЗАПИСА
Създаване/Редакция Създаване
Дата на регистрацията/редакция 2022-02-14
Служител, извършил регистрацията/редакцията ВП
Наличности
Код за отписване Код за изгубен артикул Източник на класификационната схема Код за повреда Коз за рестрикции Код за отдаване Артикулен № Име на библиотеката - собственик Име на библиотеката, в която се намира в момента Статус (Текущо местоположение) Дата на вписване в системата Местоположение - отдел Цена в лева Инвентарен номер Систематично азбучна сигнатура Баркод Цена в евро Служебен тип на артикула
  Не е изгубен Universal Decimal Classification Не е повреден само за читалня ползва се в читалня 871853 Регионална библиотека "Любен Каравелов" Русе Регионална библиотека "Любен Каравелов" Русе Хранилище 2022-02-15 Хранилище 1.18 12223/62 Цб 23461 900000089334 0.60 Книги
Vip Innovations Ltd, Rousse, Bulgaria 2025